000 00341nam a2200145Ia 4500
003 OSt
005 20240312105417.0
008 170524s9999 xx 000 0 und d
020 _a 9780074517802
040 _ciimtu
100 _aMOHAN-MANENDRA
245 0 _aADVERTISING MANAGEMENT
260 _bTATA MCGRAW HILL NEW DELHI
942 _2ddc
_c02
999 _c8175
_d8175